| 000 | 00596nam a2200193 a 4500 | ||
|---|---|---|---|
| 001 | 000024204 | ||
| 005 | 20200930022815.0 | ||
| 008 | 110120s1970 ag r 000 p spa d | ||
| 040 |
_aDO-SdBNP _bspa _cBNPHU |
||
| 082 |
_annnn _bC758s |
||
| 100 | 1 |
_aConstanzó, Carlos Marcelo, _931599 |
|
| 245 | 1 | 0 |
_aSonetos a orillas de la noche / _cCarlos Marcelo Constanzó. |
| 260 |
_aBuenos Aires : _b[s.n] , _c1970. |
||
| 300 |
_a45 p. ; _c20 cm. |
||
| 490 | 1 | _aDiego azul | |
| 504 | _aIncluye referencias bibliográficas y notas al pie de las páginas. | ||
| 830 | 0 |
_aDiego azul _949710 |
|
| 049 | _aBNGR | ||
| 999 |
_c23698 _d23698 |
||